Reinforced concrete structures (Record no. 11959)

000 -LEADER
fixed length control field 00572nam a2200217 a 4500
001 - CONTROL NUMBER
control field 11959
003 - CONTROL NUMBER IDENTIFIER
control field BD-DhUET
008 - FIXED-LENGTH DATA ELEMENTS--GENERAL INFORMATION
fixed length control field 741112s1975 nyua b 001 0 eng
020 ## - INTERNATIONAL STANDARD BOOK NUMBER
International Standard Book Number 0471659177
040 ## - CATALOGING SOURCE
Original cataloging agency DLC
Transcribing agency DLC
Modifying agency BD-DhUET
082 00 - DEWEY DECIMAL CLASSIFICATION NUMBER
Classification number 624.183
Item number PAR/1975
100 1# - MAIN ENTRY--PERSONAL NAME
Personal name Park, R.
245 10 - TITLE STATEMENT
Title Reinforced concrete structures
250 ## - EDITION STATEMENT
Edition statement 1st ed.
260 ## - PUBLICATION, DISTRIBUTION, ETC. (IMPRINT)
Place of publication, distribution, etc. New York
Name of publisher, distributor, etc. John Wiley & sons
Date of publication, distribution, etc. 1975
300 ## - PHYSICAL DESCRIPTION
Extent xvii, 769 p.
Other physical details ill.
Dimensions 24 cm.
504 ## - BIBLIOGRAPHY, ETC. NOTE
Bibliography, etc Includes bibliographies
650 #0 - SUBJECT ADDED ENTRY--TOPICAL TERM
Topical term or geographic name as entry element Reinforced concrete construction
700 ## - ADDED ENTRY--PERSONAL NAME
Personal name Paulay, T.
942 ## - ADDED ENTRY ELEMENTS (KOHA)
Koha item type General Book
Holdings
Copy number Sublocation or collection (holding branch) Lost status Source of classification or shelving scheme Location (home branch) Koha full call number Not for loan Price effective from Date acquired Piece designation (barcode) Koha item type Damaged status Shelving location Koha normalized classification for sorting Withdrawn status Koha date last seen
1Central Library, BUET  Central Library, BUET624.183/PAR/1975 2015-02-222015-02-2245222General Book Circulation section624_183000000000000_PAR_1975 2015-02-22
2Central Library, BUET  Central Library, BUET624.183/PAR/1975 2015-05-052015-05-0553443General Book Circulation section624_183000000000000_PAR_1975 2015-05-05
3Central Library, BUET  Central Library, BUET624.183/PAR/1975 2015-05-062015-05-0653440General Book Circulation section624_183000000000000_PAR_1975 2015-05-06
4Central Library, BUET  Central Library, BUET624.183/PAR/1975 2015-05-072015-05-0745221General Book Circulation section624_183000000000000_PAR_1975 2015-05-07
5Central Library, BUET  Central Library, BUET624.183/PAR/1975 2015-05-072015-05-0751135General Book Circulation section624_183000000000000_PAR_1975 2015-05-07
6Central Library, BUET  Central Library, BUET624.183/PAR/1975 2015-06-252015-06-2544970General Book Reading section624_183000000000000_PAR_1975 2015-06-25
7Central Library, BUET  Central Library, BUET624.183 PAR/1975 2024-06-301982-06-1653439General Book Cataloging section624_183000000000000_PAR_1975 2024-06-30